|
|
|
|
| LEADER |
00000cam a2200000 7i4500 |
| 001 |
0000093813 |
| 005 |
20240219091204.0 |
| 040 |
|
|
|e rda
|
| 041 |
|
|
|a Malay
|
| 090 |
0 |
0 |
|a JP
|b MAL
|
| 245 |
1 |
0 |
|a Rumah Arina terbakar
|
| 264 |
|
1 |
|a Johor :
|b Perbadanan Perpustakaan Awam Johor
|c 2023
|
| 300 |
|
|
|a 18 pages :
|b color illustrations ;
|c 18 cm.
|
| 336 |
|
|
|a text
|2 rdacontent
|
| 337 |
|
|
|a unmediated
|2 rdamedia
|
| 338 |
|
|
|a volume
|2 rdacarrier
|
| 500 |
|
|
|a Children age 4-6 years old (yellow)
|
| 541 |
|
|
|c Buku terbitan PPAJ
|
| 650 |
|
0 |
|a Children stories, Malay
|
| 730 |
0 |
|
|a Title
|
| 999 |
|
|
|a 0001755496
|b Book
|c Children Collection
|e Perbadanan Perpustakaan Awam Johor
|
| 999 |
|
|
|a 0001755497
|b Book
|c Children Collection
|e Cawangan AEON Kulaijaya
|
| 999 |
|
|
|a 0001755498
|b Book
|c Children Collection
|e Cawangan Urban Transformation Centre
|
| 999 |
|
|
|a 0001755499
|b Book
|c Children Collection
|e Cawangan Mersing
|
| 999 |
|
|
|a 0001755500
|b Book
|c Children Collection
|e Cawangan Pontian
|
| 999 |
|
|
|a 0001755501
|b Book
|c Children Collection
|e Cawangan Bukit Gambir
|
| 999 |
|
|
|a 0001755502
|b Book
|c Children Collection
|e Cawangan Segamat
|
| 999 |
|
|
|a 0001755503
|b Book
|c Children Collection
|e Cawangan Muar
|
| 999 |
|
|
|a 0001755504
|b Book
|c Children Collection
|e Cawangan Tangkak
|
| 999 |
|
|
|a 0001755505
|b Book
|c Children Collection
|e Perbadanan Perpustakaan Awam Johor
|
| 999 |
|
|
|a 0001755506
|b Book
|c Children Collection
|e Cawangan Bandar Penawar
|
| 999 |
|
|
|a 0001755507
|b Book
|c Children Collection
|e Cawangan Kota Tinggi
|
| 999 |
|
|
|a 0001755508
|b Book
|c Children Collection
|e Cawangan Taman Sri Lambak
|
| 999 |
|
|
|a 0001755509
|b Book
|c Children Collection
|e Cawangan Bandar Tenggara
|
| 999 |
|
|
|a 0001755510
|b Book
|c Children Collection
|e Cawangan Tmn. Ungku Tun Aminah
|
| 999 |
|
|
|a 0001755511
|b Book
|c Braille
|e Cawangan Taman Universiti
|
| 999 |
|
|
|a 0001755512
|b Book
|c Children Collection
|e Cawangan Batu Pahat
|
| 999 |
|
|
|a 0001756681
|b Book
|c Children Collection
|e Desa - PPAJ
|
| 999 |
|
|
|a 0001756682
|b Book
|c Children Collection
|e Desa - PPAJ
|
| 999 |
|
|
|a 0001756683
|b Book
|c Children Collection
|e Desa - PPAJ
|
| 999 |
|
|
|a 0001756684
|b Book
|c Children Collection
|e Desa - PPAJ
|
| 999 |
|
|
|a 0001756685
|b Book
|c Children Collection
|e Desa - PPAJ
|
| 999 |
|
|
|a 0001756686
|b Book
|c Children Collection
|e Desa - PPAJ
|
| 999 |
|
|
|a 0001756687
|b Book
|c Children Collection
|e Desa - PPAJ
|
| 999 |
|
|
|a 0001756688
|b Book
|c Children Collection
|e Desa - PPAJ
|
| 999 |
|
|
|a 0001756689
|b Book
|c Children Collection
|e Desa - PPAJ
|
| 999 |
|
|
|a 0001756690
|b Book
|c Children Collection
|e Desa - PPAJ
|
| 999 |
|
|
|a 0001756691
|b Book
|c Children Collection
|e Desa - PPAJ
|
| 999 |
|
|
|a 0001756692
|b Book
|c Children Collection
|e Desa - PPAJ
|
| 999 |
|
|
|a 0001756693
|b Book
|c Children Collection
|e Desa - PPAJ
|
| 999 |
|
|
|a 0001756694
|b Book
|c Children Collection
|e Desa - PPAJ
|
| 999 |
|
|
|a 0001756695
|b Book
|c Children Collection
|e Desa - PPAJ
|
| 999 |
|
|
|a 0001756696
|b Book
|c Children Collection
|e Desa - PPAJ
|
| 999 |
|
|
|a 0001756697
|b Book
|c Children Collection
|e Desa - PPAJ
|
| 999 |
|
|
|a 0001756698
|b Book
|c Children Collection
|e Desa - PPAJ
|
| 999 |
|
|
|a 0001756699
|b Book
|c Children Collection
|e Desa - PPAJ
|
| 999 |
|
|
|a 0001756700
|b Book
|c Children Collection
|e Desa - PPAJ
|
| 999 |
|
|
|a 0001756701
|b Book
|c Children Collection
|e Desa - PPAJ
|
| 999 |
|
|
|a 0001756702
|b Book
|c Children Collection
|e Desa - PPAJ
|
| 999 |
|
|
|a 0001756703
|b Book
|c Children Collection
|e Desa - PPAJ
|
| 999 |
|
|
|a 0001756704
|b Book
|c Children Collection
|e Desa - PPAJ
|
| 999 |
|
|
|a 0001756705
|b Book
|c Children Collection
|e Desa - PPAJ
|
| 999 |
|
|
|a 0001756706
|b Book
|c Children Collection
|e Desa - PPAJ
|
| 999 |
|
|
|a 0001756707
|b Book
|c Children Collection
|e Desa - PPAJ
|
| 999 |
|
|
|a 0001756708
|b Book
|c Children Collection
|e Desa - PPAJ
|
| 999 |
|
|
|a 0001756709
|b Book
|c Children Collection
|e Desa - PPAJ
|
| 999 |
|
|
|a 0001756710
|b Book
|c Children Collection
|e Desa - PPAJ
|
| 999 |
|
|
|a 0001756711
|b Book
|c Children Collection
|e Desa - PPAJ
|
| 999 |
|
|
|a 0001756712
|b Book
|c Children Collection
|e Desa - PPAJ
|
| 999 |
|
|
|a 0001756713
|b Book
|c Children Collection
|e Desa - PPAJ
|
| 999 |
|
|
|a 0001756714
|b Book
|c Children Collection
|e Desa - PPAJ
|
| 999 |
|
|
|a 0001756715
|b Book
|c Children Collection
|e Desa - PPAJ
|
| 999 |
|
|
|a 0001756716
|b Book
|c Children Collection
|e Desa - PPAJ
|
| 999 |
|
|
|a 0001756717
|b Book
|c Children Collection
|e Desa - PPAJ
|
| 999 |
|
|
|a 0001756718
|b Book
|c Children Collection
|e Desa - PPAJ
|
| 999 |
|
|
|a 0001756719
|b Book
|c Children Collection
|e Desa - PPAJ
|
| 999 |
|
|
|a 0001756720
|b Book
|c Children Collection
|e Desa - PPAJ
|
| 999 |
|
|
|a 0001756724
|b Book
|c Children Collection
|e Desa - PPAJ
|